000
00311nam a2200145Ia 4500
005
20251222153641.0
008
251222s9999||||xx |||||||||||||| ||spa||
020
_a
8408012673
082
_a
374.1/S66
100
_a
Solé, Montse
245
0
_a
Saber:
250
_a
1ra.ed.
264
_b
Planeta
942
_c
LIB
999
_c
32747
_d
32747